| 000 | 00392nam a2200157Ia 4500 | ||
|---|---|---|---|
| 008 | 230312s9999||||xx |||||||||||||| ||und|| | ||
| 020 | _a81-317-6404-6 | ||
| 082 |
_a621.381 _bCOD-F |
||
| 100 | _aCogdell;J.R | ||
| 245 | 0 | _aFoundations of Electronics | |
| 260 |
_bPearsons _aIndia _c2012 |
||
| 300 | _a415 | ||
| 546 | _aEng. | ||
| 650 |
_aEngineering _vFoundations of Electronics |
||
| 942 | _cBK | ||
| 999 |
_c7557 _d7557 |
||